| 000 | 00566nam a22001937a 4500 | ||
|---|---|---|---|
| 003 | OSt | ||
| 005 | 20140310182923.0 | ||
| 008 | 130129t xxu||||| |||| 00| 0 eng d | ||
| 050 |
_aLB1027.5 . _bEv92 2005 |
||
| 082 |
_aFIL 371.4076 _bEv1 2005 |
||
| 245 |
_aIntroduction to guidance and counseling (with questions and answers) _cEvangelista, Lourdes L. |
||
| 260 |
_aQuezon City : _b Booklore Publishing, _cc2005. |
||
| 300 |
_a97 p. ; _c26 cm. |
||
| 521 | _acollege students | ||
| 541 | _j1 | ||
| 541 | _j2 | ||
| 562 | _e2 | ||
| 942 |
_2lcc _cBK _kFIL |
||
| 999 |
_c17373 _d17373 |
||